000 00555nam a22001097a 4500
008 230606b xxu||||| |||| 00| 0 eng d
082 _a354.676
_bMUK
110 _bNational Assembly, Bujumbura, burundi
245 _aBudget speech presentation of the budget of the east africa community for the financial year 2009/2010 to the east african legislative assembly
_bBy hon monique mukaruliza, chairperson of the council of ministers of the EAC and minister for EAC Republic of rwanda at the NA, Bujumbura, Burundi, 21st may 2009
300 _a69p
942 _2ddc
_cBK
999 _c659
_d659